Le cinéma espagnol : Histoire et culture (notice n° 1569749)
[ vue normale ]
| 000 -LEADER | |
|---|---|
| fixed length control field | 01474cam a2200145 4500500 |
| 005 - DATE AND TIME OF LATEST TRANSACTION | |
| control field | 20251214011420.0 |
| 041 ## - LANGUAGE CODE | |
| Language code of text/sound track or separate title | fre |
| 042 ## - AUTHENTICATION CODE | |
| Authentication code | dc |
| 100 10 - MAIN ENTRY--PERSONAL NAME | |
| Personal name | Feenstra, Pietsie |
| Relator term | author |
| 245 00 - TITLE STATEMENT | |
| Title | Le cinéma espagnol : Histoire et culture |
| 260 ## - PUBLICATION, DISTRIBUTION, ETC. | |
| Name of publisher, distributor, etc. | Armand Colin,<br/> |
| Date of publication, distribution, etc. | 2014.<br/> |
| 520 ## - SUMMARY, ETC. | |
| Summary, etc. | Le cinéma espagnol, profondément inscrit dans l’histoire du pays, est le reflet fidèle des questionnements de sa société. Les auteurs de cet ouvrage, européens et américains, en montrent ici toute la richesse. Loin des clichés et des stéréotypes, cette étude est menée à travers le prisme de l’histoire culturelle, en privilégiant quatre axes : l’identité nationale, la différenciation sexuelle, la représentation de l’autre et la mémoire. L’Espagne présente un cas très particulier par les changements radicaux qu’elle a connus et par le rôle essentiel que le cinéma a joué dans la construction de l’imaginaire national. Longtemps soumis à la censure, ce pays a ouvert depuis l’avènement de la démocratie une voie de renouvellement spectaculaire. Modernité, forte présence des nationalismes régionaux, révolution des mœurs, essor économique puis confrontation à la crise irriguent le propos des cinéastes et construisent une identité nationale en constante évolution. |
| 700 10 - ADDED ENTRY--PERSONAL NAME | |
| Personal name | Sánchez-Biosca, Vicente |
| Relator term | author |
| 856 41 - ELECTRONIC LOCATION AND ACCESS | |
| Uniform Resource Identifier | <a href="https://shs.cairn.info/le-cinema-espagnol--9782200281229?lang=fr&redirect-ssocas=7080">https://shs.cairn.info/le-cinema-espagnol--9782200281229?lang=fr&redirect-ssocas=7080</a> |
Pas d'exemplaire disponible.




Réseaux sociaux